[Event "Sochi City Park op"]
[Site "Sochi"]
[Date "2022.09.15"]
[Round "1"]
[White "Chudinovskikh, Alexander M"]
[Black "Amelchenko, Platon"]
[Result "1-0"]
[WhiteElo "2074"]
[BlackElo "1187"]
[PlyCount "113"]
[EventDate "2022.09.15"]
[EventType "swiss"]
[EventRounds "9"]
[EventCountry "RUS"]
[SourceTitle "EXT 2023"]
[Source "ChessBase"]
[SourceDate "2022.10.05"]
[SourceVersion "1"]
[SourceVersionDate "2022.10.05"]
[SourceQuality "1"]

1. e4 c5 2. Nf3 Nc6 3. Bb5 g6 4. 0-0 Nd4 5. Nxd4 cxd4 6. c3 dxc3 7. Nxc3 Bg7 8. d4 a6 9. Ba4 b5 10. Bb3 e6 11. d5 Ne7 12. dxe6 fxe6 13. Qf3 Bb7 14. Bg5 h6 15. Bh4 g5 16. Qh5+ Kf8 17. Bg3 Bxc3 18. bxc3 Bxe4 19. f4 Nf5 20. Rae1 Nxg3 21. hxg3 Qb6+ 22. Kh2 Kg7 23. Rxe4 Raf8 24. Qd1 d5 25. Qd4+ Qxd4 26. Rxd4 e5 27. Rxd5 exf4 28. Rd7+ Kg6 29. Rd6+ Kh5 30. Bd1+ g4 31. gxf4 Kh4 32. g3+ Kh5 33. Rd5+ Kg6 34. Bxg4 h5 35. Rd6+ Kg7 36. Bh3 h4 37. g4 Rd8 38. Rfd1 Rxd6 39. Rxd6 Rh6 40. Rxh6 Kxh6 41. g5+ Kg6 42. Bc8 a5 43. Kh3 a4 44. Kxh4 a3 45. f5+ Kg7 46. Kh5 Kf7 47. Be6+ Kg7 48. f6+ Kf8 49. g6 Ke8 50. g7 Kd8 51. g8Q+ Kc7 52. f7 Kb7 53. f8R Kb6 54. Rb8+ Kc6 55. Qc8+ Kd6 56. Qd7+ Kc5 57. Rxb5# 1-0